00286cam a2200133ua 4500001000400000008003900004040000900043041001200052082001600064100002000080245002400100300001000124653001800134747161221n II |||gr||||Z||||||asm aMAIN aEnglish a891.454 NEO aNEOG, MAHESWAR. aUSHA PARINAY (PLAY) c20CM. aAsomiya Natak